| 000 | 00647pam a2200229 a 4500 | ||
|---|---|---|---|
| 001 | 2861149 | ||
| 005 | 20180118052457.0 | ||
| 008 | 851126s1986 ilu b 001 0 eng c | ||
| 010 | _a 85028917 | ||
| 020 | _a0398052158 | ||
| 040 |
_aDNLM/DLC _cDLC _dDLC |
||
| 041 | _aeng | ||
| 060 | _aWM 475 H293h | ||
| 080 | _a618.9285506 HAR | ||
| 082 | 0 | 0 |
_a618.9285506 HAR _219 |
| 100 | 1 | _a9 | |
| 101 | _aPAT | ||
| 245 | 1 | 2 |
_aA handbook for the speech-language pathologist serving the visually limited / _cby Florine Watson Harper. |
| 504 | _aBibliography: p. 103-104. | ||
| 906 |
_a7 _bcbc _corignew _d1 _eocip _f19 _gy-gencatlg |
||
| 942 |
_2ddc _cBK |
||
| 999 |
_c40464 _d40464 |
||